000
00182 a2200097 4500
020
_a
9780673758668
041
_a
spa
100
_a
Parks, Anita
245
_a
942
_c
BK
999
_c
31935
_d
31933